000 00390cam a22001097a 4500
008 180718b1963 xxu||||| |||| 00| 0 eng d
082 _aNI000x73 Un3eo
100 _aIndia.Office of Emergency Planning
245 _aExecutive orders: prescribing emergency preparedness presponsibilities of the federal government
260 _aWashington
_bU.S government printing office
_c1963
300 _a68p.
999 _c493800
_d493800